Villes du Doubs de plus de 10 000 hab - Statistiques

Statistiques générales
  • Ce quiz a été pris 103 fois
  • Le résultat moyen est 4 sur 5
Statistiques - réponses
Ville Population % Correct
Besançon 120 634
100%
Montbéliard 25 727
91%
Pontarlier 18 226
83%
Audincourt 13 861
57%
Valentigney 11 058
31%
Aucun quiz correspondant
Distribution des résultats
% des personnes avec chaque résultat
Percentile par nombre de réponses
Votre historique - résultats
Vous n’avez pas pris ce quiz